| 000 | 00406nam a2200169Ia 4500 | ||
|---|---|---|---|
| 008 | 230524s9999 xx 000 0 und d | ||
| 020 | _a8185095159 | ||
| 082 |
_a512.5 _bKRI |
||
| 100 | _aV.Krishnamurty | ||
| 245 | 3 | _aAn Introduction to Linear Algebra | |
| 250 | _a3RD | ||
| 260 |
_aNEW DELHI _bEWP _c1938 |
||
| 300 | _aXII;329 | ||
| 500 | _aQuantity Number: 40 | ||
| 650 | _aMathematics | ||
| 942 | _cBK | ||
| 999 |
_c4054 _d4054 |
||